000 00277nam a2200109Ia 4500
008 220204s9999 xx 000 0 und d
082 _a077.052
_bPET;1
100 _aPetzold, Paul
245 0 _aFocal guide to low light photography
260 _aLondon
_bFocal
_c1976
942 _cBK
999 _c33078
_d33078